Determinación de multiplicadores en economías regionales (Registro nro. 22910)
[ vista simple ]
| 000 -LEADER | |
|---|---|
| fixed length control field | 00388 a2200121 4500 |
| 001 - CONTROL NUMBER | |
| control field | ART_5556 |
| 005 - DATE AND TIME OF LATEST TRANSACTION | |
| control field | 20260410161827.0 |
| 008 - FIXED-LENGTH DATA ELEMENTS--GENERAL INFORMATION | |
| fixed length control field | 260409a |
| 100 1# - MAIN ENTRY--PERSONAL NAME | |
| Personal name | Urbisaia, Heriberto L. |
| 245 10 - TITLE STATEMENT | |
| Title | Determinación de multiplicadores en economías regionales |
| 700 1# - ADDED ENTRY--PERSONAL NAME | |
| Personal name | Brufman, Juana Z. |
| 773 0# - HOST ITEM ENTRY | |
| Title | Estudios Económicos |
| Related parts | - Vol. 3, Nº 5/6 (ene./dic. 1984) |
| Record control number | REV5080 |
No hay ítems disponibles.